000 00883nam a2200217 a 4500
001 78514
003 BD-RjUL
005 20211209083134.0
008 210929s2021 bg ||||| |||| 00| 0 ben d
035 _a(BD-RjUL)78740
040 _aBD-RjUL
_beng
_cBD-RjUL
041 _aben
082 _223
_a305.42092
_bORH 2021
245 _aরোকেয়া স্মারকগ্রন্থ অর্হা নন্দিনী /
_cসম্পাদক মোবাররা সিদ্দিকা
260 _aরাজশাহী :
_bরোকেয়া হল রা.বি.,
_c২০২১
300 _a৭৯ পৃ.;
_c২৫ সেমি.
600 _aরোকেয়া, বেগম,
_d ১৮৮০-১৯৩২
_9248716
600 _aRokeya, Begama,
_d1880-1932
_9248717
700 _aসিদ্দিকা, মোবাররা
_9248718
942 _2ddc
_cBK
999 _c78514
_d78514